003980000a220010900045001000028000002450061000283000037000897730047001269420008001739520090001819990017002711 aEslinger, Lyle (1953- )10aJudas game : The biology of combat in the gospel of John aNúm 77 (2000), Páginas 45-730 tJournal for the Study of the New Testament cANA 001040708HEMaFUSBCbFUSBCd2016-01-26l0o r2016-01-26 00:00:00w2016-01-26yANA c55966d55966